000 00654nam0a22002531 4500
001 RU\NLR\INFOCOMM18\ROSSICA\1000002273
005 20250613193610.0
035 _a(NLR Aleph) 009975997
090 _a9671432
_c9671432
100 _a20030417d1869 |||y0rusy50 ca
101 0 _afre
102 _aRU
105 _ay ||||000ay
200 1 _aPlantes de l'Oural récoltées en 1868 à Ekatérinbourg
_fClerc, O.
210 _aMoscou
_d1869
215 _d
700 1 _aClerc
_bO.
_4070
801 1 _aRU
_bInfoComm
_c20030417
801 0 _aRU
_bNLR
_gPSBO
852 _aNLR
_j12.43.2.385
942 _cBOOK
980 _aNB
980 _aRossica